Historia de un alma: autobiografía
Guardat en:
| Autor principal: | |
|---|---|
| Format: | Llibre |
| Idioma: | espanyol |
| Publicat: |
Buenos Aires
Ediciones Paulinas
1953
|
| Edició: | 1a. ed |
| Matèries: | |
| Etiquetes: |
Afegir etiqueta
Sense etiquetes, Sigues el primer a etiquetar aquest registre!
|
MARC
| LEADER | 00000cam a2200000 a 4500 | ||
|---|---|---|---|
| 001 | UCE0929 | ||
| 003 | CL-VaPUC | ||
| 008 | 140317e19530000ag |||||||||||||||||spa|d | ||
| 082 | 0 | 4 | |a 248.8943 |b TER |2 21 |
| 100 | 0 | |a Santa Teresita del Niño Jesús |e author |9 573342 | |
| 245 | 1 | 0 | |a Historia de un alma: autobiografía |
| 250 | |a 1a. ed | ||
| 300 | |a 382 p | ||
| 942 | |c BK | ||
| 945 | |d 20140317 10:17:00 |a dcastane | ||
| 260 | |a Buenos Aires |b Ediciones Paulinas |c 1953 | ||
| 650 | 0 | |a Vida religiosa |9 257284 | |
| 650 | 0 | |a Misticismo |9 265505 | |
| 650 | 0 | |a Historia religiosa |9 314583 | |
| 650 | 0 | |a Autobiografías |9 265171 | |
| 583 | |a last modification |c 20140317 10:17:00 |k Rodrigo Vera | ||
| 999 | |c 354930 |d 354928 | ||
| 952 | |0 0 |1 0 |3 erb |4 0 |6 248_894300000000000_TER_1953 |7 0 |8 A |9 461161 |a BIBTEO |b BIBTEO |i 505026K |o 248.8943 TER 1953 |p 505026K |r 2025-01-17 |w 2019-11-23 |y BK |z Catalogado en:20140317 |k ICR | ||